Animals Adjectives - Easy - Statistics

General Stats
  • This quiz has been taken 42 times
  • The average score is 5 of 16
Answer Stats
Hint Answer % Correct
cat feline
91%
dog canine
88%
cow Bovine, Vaccine
79%
Ass Asinine
36%
Sheep Ovine
36%
Lemur Lemurine
24%
Hyena Hyenine
18%
Octopus Octopine
18%
Viper Viperine
18%
Eagle Aquiline
15%
Gazelle Gazell
15%
Mule Mule
15%
Termite Termitine
12%
Hornet Vespine
9%
dove Columbine
6%
Armadillo Tolypeutine
0%
No matching quizzes found
Score Distribution
Percent of People with Each Score
Percentile by Number Answered
Your Score History
You have not taken this quiz